[Event "EIWCC 2017"]
[Site "Riga"]
[Date "2017.04.20"]
[Round "9"]
[White "Sedina, Elena"]
[Black "Badelka, Olga"]
[Result "0-1"]
[WhiteElo "2253"]
[BlackElo "2362"]
[Annotator "NA"]
[PlyCount "70"]
[EventDate "2017.??.??"]
[EventType "swiss"]
[EventCountry "LAT"]
[SourceTitle "playchess.com"]
[Source "ChessBase"]
[SourceQuality "1"]

1. e4 c5 2. Nf3 Nc6 3. c3 Nf6 4. e5 Nd5 5. d4 cxd4 6. Bc4 e6 7. cxd4 d6 8. O-O Be7 9. Qe2 O-O 10. Nc3 Nxc3 11. bxc3 dxe5 12. dxe5 Qa5 13. Bd2 Rd8 14. Rfe1 Bd7 15. Bb3 Be8 16. Qe4 g6 17. h4 Qa6 18. Bg5 Qd3 19. Qf4 Qf5 20. Qc1 Bxg5 21. hxg5 Qd3 22. Re3 Qb5 23. Qe1 Na5 24. Nh2 Nxb3 25. Rb1 Qa4 26. axb3 Qf4 27. Rg3 Kg7 28. Ng4 Bc6 29. Nf6 Rh8 30. Rd1 h6 31. gxh6+ Rxh6 32. Rd4 Rah8 33. Kf1 Rh1+ 34. Ke2 Rxe1+ 35. Kxe1 Qxe5+ 0-1

[Event "EIWCC 2017"]
[Site "Riga"]
[Date "2017.04.20"]
[Round "9"]
[White "Narva, Mai"]
[Black "Houska, Jovanka"]
[Result "1-0"]
[WhiteElo "2249"]
[BlackElo "2397"]
[Annotator "NA"]
[PlyCount "79"]
[EventDate "2017.??.??"]
[EventType "swiss"]
[EventCountry "LAT"]
[SourceTitle "playchess.com"]
[Source "ChessBase"]
[SourceQuality "1"]

1. e4 c6 2. d4 d5 3. Nc3 dxe4 4. Nxe4 Bf5 5. Ng3 Bg6 6. h4 h6 7. Nf3 Nf6 8. Ne5 Bh7 9. Bd3 Bxd3 10. Qxd3 e6 11. Bd2 Nbd7 12. f4 c5 13. O-O-O Be7 14. dxc5 Nxe5 15. fxe5 Qxd3 16. cxd3 Ng4 17. Ne4 Nxe5 18. Bc3 Nd7 19. Bxg7 Rh7 20. Bd4 e5 21. Bc3 Rg7 22. Rd2 Rg4 23. Re2 O-O-O 24. b4 Rdg8 25. Rf1 f6 26. g3 a5 27. a3 Kc7 28. d4 axb4 29. axb4 exd4 30. Bxd4 Ra8 31. Bb2 Ne5 32. Kc2 Nc6 33. b5 Nb4+ 34. Kc3 Nd5+ 35. Kc4 Rd8 36. Rf5 b6 37. Rxd5 Re8 38. cxb6+ Kxb6 39. Bd4+ Kb7 40. Nd6+ 1-0

[Event "EIWCC 2017"]
[Site "Riga"]
[Date "2017.04.20"]
[Round "9"]
[White "Drljevic, Ljilja"]
[Black "Ziaziulkina, Nastassia"]
[Result "0-1"]
[WhiteElo "2237"]
[BlackElo "2387"]
[Annotator "NA"]
[PlyCount "94"]
[EventDate "2017.??.??"]
[EventType "swiss"]
[EventCountry "LAT"]
[SourceTitle "playchess.com"]
[Source "ChessBase"]
[SourceQuality "1"]

1. g3 d5 2. Bg2 Nf6 3. Nf3 c6 4. O-O Bg4 5. d3 e6 6. Qe1 Bc5 7. e4 O-O 8. h3 Bxf3 9. Bxf3 dxe4 10. dxe4 e5 11. Bg2 Nbd7 12. a4 a5 13. Nd2 Bb4 14. Qe2 Qb6 15. c3 Be7 16. Re1 Rfe8 17. Nc4 Qc7 18. f4 Bc5+ 19. Kh1 Qd8 20. f5 h6 21. h4 Qe7 22. Bf3 Nb6 23. Nd2 Nbd7 24. g4 Nh7 25. Qh2 Ba7 26. Nb3 Nc5 27. Nxc5 Bxc5 28. Be3 Rad8 29. Rad1 Rxd1 30. Bxd1 Rd8 31. Bxc5 Qxc5 32. Bc2 Qe7 33. Qf2 Rd6 34. Re2 Nf6 35. Qf3 Nh7 36. Qg3 Qd8 37. Kg2 Nf6 38. Rf2 Rd2 39. g5 Nh5 40. Qxe5 hxg5 41. Qc5 Nf4+ 42. Kf3 Rxc2 43. Rxc2 Qd1+ 44. Ke3 Qd3+ 45. Kf2 Qxc2+ 46. Ke3 Qe2+ 47. Kd4 Qd3+ 0-1

[Event "EIWCC 2017"]
[Site "Riga"]
[Date "2017.04.20"]
[Round "9"]
[White "Gevorgyan, Maria"]
[Black "Skripchenko, Almira"]
[Result "0-1"]
[WhiteElo "2227"]
[BlackElo "2420"]
[Annotator "TA"]
[PlyCount "152"]
[EventDate "2017.??.??"]
[EventType "swiss"]
[EventCountry "LAT"]
[SourceTitle "playchess.com"]
[Source "ChessBase"]
[SourceQuality "1"]

1. e4 c5 2. Nf3 Nc6 3. Nc3 Nf6 4. d4 cxd4 5. Nxd4 e5 6. Ndb5 d6 7. Bg5 a6 8. Na3 b5 9. Nd5 Be7 10. Bxf6 Bxf6 11. c4 b4 12. Nc2 O-O 13. Qf3 Bg5 14. h4 Bh6 15. g4 f6 16. Be2 a5 17. Rd1 Kh8 18. Qd3 Be6 19. Nde3 Bxe3 20. Qxe3 Qc7 21. Qd2 Rfd8 22. Rh3 Qc8 23. Rg3 Rb8 24. b3 Ra8 25. f4 exf4 26. Qxf4 Ne5 27. Nd4 Ng6 28. Qf2 Nxh4 29. Rh3 Ng6 30. Nf5 a4 31. Qh2 Nf8 32. Nxd6 Qc5 33. Rhd3 Rdb8 34. Kf1 axb3 35. axb3 Kg8 36. Nb5 Rc8 37. Rd6 Bf7 38. Bf3 Rab8 39. R6d3 Qe5 40. Qd2 Qc5 41. Qh2 Re8 42. Nd6 Re5 43. g5 fxg5 44. Nxf7 Kxf7 45. Rd5 Rxd5 46. Rxd5 Qa7 47. Qd6 g6 48. e5 Re8 49. Qf6+ Kg8 50. Rb5 Qg7 51. Qxg5 Nd7 52. Bc6 h6 53. Qd2 Rf8+ 54. Kg2 Nxe5 55. Bd5+ Nf7 56. Rxb4 Qe5 57. Rb7 Qf5 58. Qe3 Qg4+ 59. Kf2 Qf5+ 60. Qf3 Qxf3+ 61. Kxf3 Kg7 62. c5 Kf6 63. Ke4 Ng5+ 64. Kd4 Rd8 65. Kc4 h5 66. Rb6+ Kf5 67. Bb7 Ne6 68. Rc6 h4 69. Bc8 Re8 70. Kd5 Rd8+ 71. Rd6 Rxc8 72. b4 Rd8 73. b5 h3 74. Rxd8 Nxd8 75. c6 h2 76. c7 h1=Q+ 0-1

[Event "EIWCC 2017"]
[Site "Riga"]
[Date "2017.04.20"]
[Round "9"]
[White "Isgandarova, Khayala"]
[Black "Osmanodja, Filiz"]
[Result "1-0"]
[WhiteElo "2211"]
[BlackElo "2370"]
[Annotator "ChessBase"]
[PlyCount "93"]
[EventDate "2017.??.??"]
[EventType "swiss"]
[EventCountry "LAT"]
[SourceTitle "playchess.com"]
[Source "ChessBase"]
[SourceQuality "1"]

1. e4 c5 2. Nf3 d6 3. d4 Nf6 4. dxc5 Nxe4 5. cxd6 Nc6 6. Na3 Nxd6 7. Bf4 e5 8. Nxe5 Qa5+ 9. Qd2 Qxd2+ 10. Kxd2 Ne4+ 11. Ke3 Bf5 12. Nxc6 bxc6 13. Bd3 Bc5+ 14. Kf3 g5 15. Bxe4 Bxe4+ 16. Kxe4 gxf4 17. Nc4 O-O-O 18. Rad1 Bxf2 19. Kxf4 Rhg8 20. g3 h5 21. Kf3 Bc5 22. Ne5 Rde8 23. Rhe1 Re6 24. Kg2 h4 25. Nxf7 Reg6 26. Ne5 Rg5 27. Rd3 Rf5 28. Nf3 Kc7 29. Nxh4 Rf2+ 30. Kh3 Bd6 31. Red1 Be5 32. R1d2 Rxd2 33. Rxd2 Bxb2 34. g4 Bf6 35. Nf3 c5 36. Kg3 Kc6 37. h4 c4 38. g5 Bc3 39. Re2 Kb5 40. h5 Ka4 41. Re3 Bb2 42. Kg4 Bc1 43. Re7 a5 44. h6 Ka3 45. h7 Rc8 46. g6 Rh8 47. g7 1-0

[Event "EIWCC 2017"]
[Site "Riga"]
[Date "2017.04.20"]
[Round "9"]
[White "Paramzina, Anastasya"]
[Black "Ozbay, Ece"]
[Result "1/2-1/2"]
[WhiteElo "2202"]
[BlackElo "2035"]
[Annotator "NA"]
[PlyCount "73"]
[EventDate "2017.??.??"]
[EventType "swiss"]
[EventCountry "LAT"]
[SourceTitle "playchess.com"]
[Source "ChessBase"]
[SourceQuality "1"]

1. e4 c5 2. Nf3 e6 3. d4 cxd4 4. Nxd4 Nc6 5. Nc3 Qc7 6. Be3 a6 7. Be2 Bb4 8. O-O Nf6 9. Nxc6 bxc6 10. Qd4 Bd6 11. f4 e5 12. Qd2 exf4 13. Bxf4 Bxf4 14. Qxf4 Qxf4 15. Rxf4 d6 16. a4 a5 17. Nd1 Ba6 18. Bf3 Nd7 19. Ne3 Ne5 20. Rd1 Rd8 21. Rd2 g6 22. Be2 Bxe2 23. Rxe2 Ke7 24. Ng4 Nxg4 25. Rxg4 f6 26. Rg3 Rb8 27. b3 Rb4 28. Rd3 Rd8 29. Rh3 Rh8 30. Kf2 Ke6 31. Rc3 Rc8 32. Rh3 Rh8 33. Rc3 Rc8 34. Rh3 Rc7 35. g4 c5 36. c4 Rcb7 37. Ree3 1/2-1/2

[Event "EIWCC 2017"]
[Site "Riga"]
[Date "2017.04.20"]
[Round "9"]
[White "Balajayeva, Khanim"]
[Black "Caglar, Sila"]
[Result "1-0"]
[WhiteElo "2196"]
[BlackElo "2093"]
[Annotator "NA"]
[PlyCount "105"]
[EventDate "2017.??.??"]
[EventType "swiss"]
[EventCountry "LAT"]
[SourceTitle "playchess.com"]
[Source "ChessBase"]
[SourceQuality "1"]

1. e4 c5 2. c3 Nf6 3. e5 Nd5 4. d4 cxd4 5. Nf3 e6 6. cxd4 d6 7. Bc4 Be7 8. O-O O-O 9. Qe2 b6 10. Nc3 dxe5 11. Nxe5 Bb7 12. Rd1 Nd7 13. Nxd5 exd5 14. Bd3 Nf6 15. Bf4 Bd6 16. Bg5 Be7 17. Bf4 Bd6 18. Rac1 Rc8 19. Bg5 Be7 20. Rxc8 Qxc8 21. Rc1 Qd8 22. Qc2 h6 23. Bxf6 Bxf6 24. Qc7 Bxe5 25. Qxe5 Re8 26. Qf4 Qg5 27. Qxg5 hxg5 28. f3 Rc8 29. Rc3 Kf8 30. Kf2 Ke7 31. Ra3 Ra8 32. Kg3 Bc6 33. Kg4 f6 34. Bf5 Be8 35. Re3+ Kf8 36. Rc3 a5 37. Rc7 Rd8 38. Rb7 Rd6 39. Bd3 Bd7+ 40. Kh5 Be8+ 41. Bg6 Re6 42. Rb8 a4 43. a3 Re2 44. h3 Re6 45. g3 Re3 46. Kg4 b5 47. h4 gxh4 48. gxh4 Re1 49. Kf5 Re3 50. Rxe8+ Rxe8 51. Bxe8 Kxe8 52. Ke6 g5 53. h5 1-0

[Event "EIWCC 2017"]
[Site "Riga"]
[Date "2017.04.20"]
[Round "9"]
[White "Utiatskaja, Irina"]
[Black "Beydullayeva, Govhar"]
[Result "1-0"]
[WhiteElo "2152"]
[BlackElo "2054"]
[Annotator "NA"]
[PlyCount "123"]
[EventDate "2017.??.??"]
[EventType "swiss"]
[EventCountry "LAT"]
[SourceTitle "playchess.com"]
[Source "ChessBase"]
[SourceQuality "1"]

1. e4 c5 2. Nf3 d6 3. d4 cxd4 4. Nxd4 Nf6 5. Nc3 a6 6. Be3 e5 7. Nf3 Qc7 8. Bg5 Nbd7 9. a4 h6 10. Bh4 b6 11. Nd2 Bb7 12. Bc4 Be7 13. Qe2 Nc5 14. Bxf6 Bxf6 15. Bd5 Ne6 16. Bxb7 Qxb7 17. Nd5 Qc6 18. c3 Bd8 19. O-O O-O 20. Rfd1 Nc5 21. Nb4 Qb7 22. f3 Bc7 23. Nc4 Rad8 24. Ne3 Rfe8 25. Nbd5 Rd7 26. b4 Ne6 27. g3 Rc8 28. Kg2 Bd8 29. Nf5 Kh7 30. h4 g6 31. Nfe3 Kg7 32. Qd2 h5 33. Kh3 a5 34. Rab1 Qc6 35. b5 Qb7 36. Rg1 Bf6 37. g4 Nf4+ 38. Nxf4 exf4 39. Nd5 hxg4+ 40. Rxg4 Be5 41. Rbg1 Rdd8 42. Qg2 Rg8 43. Nxf4 Bxf4 44. Rxf4 Rxc3 45. Qg5 Qc8+ 46. Rgg4 Qe6 47. Rf5 Rcc8 48. Kg3 Kf8 49. Rf6 Qb3 50. Qf4 Rc2 51. Qxd6+ Kg7 52. Qe5 Kh7 53. Qd5 Qxd5 54. exd5 Rd2 55. Rxf7+ Kh6 56. Rf6 Rxd5 57. Rxb6 Rd3 58. Ra6 Kh7 59. Rxa5 Rf8 60. Rf4 Re8 61. Ra7+ Kh8 62. Rff7 1-0

[Event "EIWCC 2017"]
[Site "Riga"]
[Date "2017.04.20"]
[Round "9"]
[White "Petrenko, Svetlana"]
[Black "Milliet, Sophie"]
[Result "0-1"]
[WhiteElo "2136"]
[BlackElo "2352"]
[Annotator "NA"]
[PlyCount "70"]
[EventDate "2017.??.??"]
[EventType "swiss"]
[EventCountry "LAT"]
[SourceTitle "playchess.com"]
[Source "ChessBase"]
[SourceQuality "1"]

1. Nf3 c5 2. e4 d6 3. d4 cxd4 4. Nxd4 Nf6 5. Nc3 a6 6. Be2 e5 7. Nb3 Be7 8. O-O O-O 9. f4 b5 10. Bf3 Nbd7 11. f5 Bb7 12. g4 b4 13. Nd5 Nxd5 14. exd5 a5 15. Be3 Nb6 16. Be4 Nc4 17. Qf3 Nxe3 18. Qxe3 Bg5 19. Qf2 Qf6 20. Kg2 Qh6 21. Rad1 Rfc8 22. Nc1 Rc4 23. Qe2 Rac8 24. b3 Rc3 25. Kh1 Bf4 26. g5 Qxg5 27. Qg2 Qh6 28. Ne2 Re3 29. Nxf4 exf4 30. Rde1 Re8 31. Rxe3 fxe3 32. Rg1 Qf6 33. Qf3 Qe5 34. Rg4 e2 35. Qxe2 Bxd5 0-1

[Event "EIWCC 2017"]
[Site "Riga"]
[Date "2017.04.20"]
[Round "9"]
[White "De Seroux, Camille"]
[Black "Gara, Ticia"]
[Result "0-1"]
[WhiteElo "2122"]
[BlackElo "2325"]
[Annotator "NA"]
[PlyCount "94"]
[EventDate "2017.??.??"]
[EventType "swiss"]
[EventCountry "LAT"]
[SourceTitle "playchess.com"]
[Source "ChessBase"]
[SourceQuality "1"]

1. e4 c5 2. Nc3 e6 3. Nf3 a6 4. g3 Nc6 5. Bg2 Nf6 6. O-O d6 7. d4 cxd4 8. Nxd4 Bd7 9. Re1 Be7 10. Nxc6 Bxc6 11. e5 dxe5 12. Bxc6+ bxc6 13. Rxe5 Qxd1+ 14. Nxd1 Nd5 15. Bd2 O-O-O 16. Re2 Bf6 17. Rb1 Rd7 18. Ne3 Nxe3 19. Bxe3 Rhd8 20. b3 Rd5 21. Kg2 Bc3 22. f4 Kc7 23. Rf1 c5 24. Rf3 Kc6 25. Bg1 Bf6 26. c4 R5d7 27. g4 h6 28. Bf2 Rd1 29. Be3 Bd4 30. Kf2 Bxe3+ 31. Rfxe3 Rh1 32. Kg2 Rdd1 33. Re5 Rhg1+ 34. Kh3 Rdf1 35. f5 Rf3+ 36. Kh4 exf5 37. gxf5 Rf4+ 38. Kh3 Rg5 39. Re8 Rf3+ 40. Kh4 Rgxf5 41. R8e4 g6 42. Kg4 Rf2 43. R4e3 Rg5+ 44. Kh3 Rf4 45. Rd2 Rg1 46. Red3 g5 47. Rg3 Rh4# 0-1

[Event "EIWCC 2017"]
[Site "Riga"]
[Date "2017.04.20"]
[Round "9"]
[White "Tsiganova, Monika"]
[Black "Heinatz, Maria"]
[Result "1-0"]
[WhiteElo "2111"]
[BlackElo "1990"]
[Annotator "NA"]
[PlyCount "93"]
[EventDate "2017.??.??"]
[EventType "swiss"]
[EventCountry "LAT"]
[SourceTitle "playchess.com"]
[Source "ChessBase"]
[SourceQuality "1"]

1. d4 Nf6 2. Nf3 d6 3. c4 g6 4. Nc3 Bg7 5. Bf4 O-O 6. h3 a6 7. e3 c5 8. Be2 Nc6 9. O-O Qe8 10. d5 Nb8 11. e4 Nfd7 12. Qd2 Ne5 13. Nxe5 dxe5 14. Be3 Nd7 15. Na4 b6 16. b4 b5 17. Nxc5 Nb6 18. cxb5 axb5 19. Rac1 f5 20. Ne6 Bxe6 21. Bxb6 Bd7 22. f3 Rf6 23. Ba5 f4 24. Rc7 g5 25. Rfc1 Rh6 26. Bf1 Rd6 27. Qf2 Qb8 28. Qc5 Bf8 29. Rc6 e6 30. Qxb5 exd5 31. Qxb8 Rxb8 32. Rxd6 Bxd6 33. a3 d4 34. Ba6 Ra8 35. Bb7 Ra7 36. Bc6 Be6 37. Bb5 Kf8 38. Kf2 Ke7 39. Ke2 Bd7 40. Bxd7 Kxd7 41. Kd3 Bc7 42. Rc5 Bxa5 43. bxa5 Kd6 44. Rd5+ Ke6 45. Kc4 Rd7 46. a6 d3 47. Rxd3 1-0

[Event "EIWCC 2017"]
[Site "Riga"]
[Date "2017.04.20"]
[Round "9"]
[White "Vidruska, Renate"]
[Black "Sibajeva, Marija"]
[Result "1-0"]
[WhiteElo "2093"]
[BlackElo "2011"]
[Annotator "NA"]
[PlyCount "67"]
[EventDate "2017.??.??"]
[EventType "swiss"]
[EventCountry "LAT"]
[SourceTitle "playchess.com"]
[Source "ChessBase"]
[SourceQuality "1"]

1. e4 e5 2. Nf3 Nc6 3. Nc3 Nf6 4. Bb5 d6 5. d4 exd4 6. Nxd4 Bd7 7. Bxc6 bxc6 8. Qf3 c5 9. Nf5 Bxf5 10. exf5 d5 11. Bf4 c6 12. O-O-O Be7 13. g4 Nd7 14. Nxd5 cxd5 15. Rxd5 O-O 16. Rhd1 Qb6 17. Rxd7 Bf6 18. Qb3 Qc6 19. Qd5 Qa4 20. Bg3 Qb4 21. Be5 Bxe5 22. Qxe5 Qxg4 23. f6 Rae8 24. Re7 gxf6 25. Qxf6 Rxe7 26. Qxe7 Qf4+ 27. Kb1 Qxf2 28. Qg5+ Kh8 29. Rg1 Qd4 30. c3 Qe4+ 31. Ka1 Qg6 32. Qxc5 Rd8 33. a3 Qb6 34. Qg5 1-0

[Event "EIWCC 2017"]
[Site "Riga"]
[Date "2017.04.20"]
[Round "9"]
[White "Krumina, Linda"]
[Black "Lickrastina, Agnese"]
[Result "1-0"]
[WhiteElo "2090"]
[BlackElo "2223"]
[Annotator "NA"]
[PlyCount "80"]
[EventDate "2017.??.??"]
[EventType "swiss"]
[EventCountry "LAT"]
[SourceTitle "playchess.com"]
[Source "ChessBase"]
[SourceQuality "1"]

1. d4 d5 2. c4 e6 3. Nc3 Nf6 4. e3 Be7 5. Nf3 O-O 6. Qc2 b6 7. b3 Bb7 8. Be2 Nbd7 9. O-O c5 10. Rd1 Rc8 11. dxc5 Bxc5 12. Bb2 dxc4 13. Bxc4 Qe7 14. Qe2 Bxf3 15. gxf3 Rcd8 16. Nb5 Nb8 17. Nd4 Ba3 18. Bxa3 Qxa3 19. f4 Qc5 20. Rac1 Qh5 21. Qxh5 Nxh5 22. Be2 Nf6 23. Rc7 Rd7 24. Rdc1 a5 25. Bb5 Rd6 26. Rc8 Rdd8 27. Rxd8 Rxd8 28. Rc7 Kf8 29. Rb7 Nd5 30. a4 h6 31. h4 g5 32. hxg5 hxg5 33. fxg5 Nc3 34. Rxb6 Nxb5 35. Rxb5 Nd7 36. Rxa5 Rb8 37. f4 Rb6 38. Kf2 f6 39. Ra7 Ke8 40. g6 Nb8 1-0

[Event "EIWCC 2017"]
[Site "Riga"]
[Date "2017.04.20"]
[Round "9"]
[White "Azimova, Karina"]
[Black "Sandu, Mihaela"]
[Result "0-1"]
[WhiteElo "2072"]
[BlackElo "2261"]
[Annotator "NA"]
[PlyCount "116"]
[EventDate "2017.??.??"]
[EventType "swiss"]
[EventCountry "LAT"]
[SourceTitle "playchess.com"]
[Source "ChessBase"]
[SourceQuality "1"]

1. e4 c5 2. Nc3 a6 3. Nf3 e6 4. d4 cxd4 5. Nxd4 b5 6. Bd3 Qb6 7. Nb3 Qc7 8. O-O Bb7 9. f4 Nf6 10. Qf3 b4 11. Ne2 h5 12. h3 Nc6 13. Be3 Na5 14. Nd2 d5 15. Bd4 Nc4 16. Bxc4 dxc4 17. Qe3 Qc6 18. f5 O-O-O 19. fxe6 fxe6 20. c3 Nxe4 21. Nxe4 Qxe4 22. Qxe4 Bxe4 23. Nf4 e5 24. Bxe5 Bc5+ 25. Kh1 Rhe8 26. cxb4 Rxe5 27. bxc5 Rd2 28. Rfe1 Rxb2 29. Rac1 Rf2 30. Nxh5 Bxg2+ 31. Kg1 Rxe1+ 32. Rxe1 Rxa2 33. Nf4 Bc6 34. Rc1 g5 35. Ng6 Ra3 36. Ne7+ Kc7 37. Nxc6 Kxc6 38. Rxc4 Rxh3 39. Rc2 Rh6 40. Kg2 Re6 41. Kf3 a5 42. Ra2 Kb5 43. Kg4 Re5 44. Ra1 Rxc5 45. Rb1+ Kc4 46. Rc1+ Kd4 47. Ra1 Re5 48. Rb1 Kc3 49. Rb8 a4 50. Rb7 a3 51. Rb8 Ra5 52. Rc8+ Kd2 53. Rd8+ Ke2 54. Re8+ Kf2 55. Rf8+ Kg2 56. Rc8 Ra4+ 57. Kxg5 a2 58. Rc2+ Kf3 0-1

[Event "EIWCC 2017"]
[Site "Riga"]
[Date "2017.04.20"]
[Round "9"]
[White "Makka, Ioulia"]
[Black "Mamedjarova, Turkan"]
[Result "1/2-1/2"]
[WhiteElo "2069"]
[BlackElo "2267"]
[Annotator "NA"]
[PlyCount "123"]
[EventDate "2017.??.??"]
[EventType "swiss"]
[EventCountry "LAT"]
[SourceTitle "playchess.com"]
[Source "ChessBase"]
[SourceQuality "1"]

1. e4 e5 2. Nf3 Nc6 3. Bb5 Nd4 4. Nxd4 exd4 5. O-O Bc5 6. Bc4 d6 7. d3 Ne7 8. Qh5 O-O 9. Bg5 Be6 10. Qh4 Re8 11. Bxe6 fxe6 12. Qg4 Qd7 13. h4 Nc6 14. f4 Kh8 15. h5 h6 16. Bh4 d5 17. Kh1 dxe4 18. dxe4 Be7 19. Be1 Rad8 20. Rf3 e5 21. f5 Bg5 22. a3 Ne7 23. Bd2 Bf6 24. Rg3 Ng8 25. a4 Qc6 26. c3 Qc4 27. Kg1 Rd7 28. a5 dxc3 29. Bxc3 Qc5+ 30. Kh1 Bg5 31. Na3 Bf4 32. Rh3 Nf6 33. Qe2 Red8 34. Rf1 Bd2 35. Nc4 Bxc3 36. Rxc3 Rd4 37. Nd2 Qb4 38. Nf3 Rxe4 39. Qc2 Nxh5 40. Rd1 Rxd1+ 41. Qxd1 Qe7 42. Rd3 Ng3+ 43. Kh2 Ne2 44. g3 Nd4 45. Nxd4 exd4 46. Rxd4 Re1 47. Rd8+ Kh7 48. Qd3 Qe2+ 49. Qxe2 Rxe2+ 50. Kh3 Rxb2 51. Rd7 Rf2 52. Kg4 h5+ 53. Kg5 Rf3 54. Rxc7 Rxg3+ 55. Kxh5 Ra3 56. Rxb7 Rxa5 57. Kg5 a6 58. Ra7 Ra1 59. f6 Rg1+ 60. Kh5 Rg6 61. fxg7 Rxg7 62. Rxa6 1/2-1/2

[Event "EIWCC 2017"]
[Site "Riga"]
[Date "2017.04.20"]
[Round "9"]
[White "Sinitsina, Anastassia"]
[Black "Balaian, Alina"]
[Result "1/2-1/2"]
[WhiteElo "2052"]
[BlackElo "2229"]
[Annotator "NA"]
[PlyCount "130"]
[EventDate "2017.??.??"]
[EventType "swiss"]
[EventCountry "LAT"]
[SourceTitle "playchess.com"]
[Source "ChessBase"]
[SourceQuality "1"]

1. e4 e6 2. d4 d5 3. Nc3 Bb4 4. e5 c5 5. a3 Bxc3+ 6. bxc3 Qa5 7. Bd2 Qa4 8. Qb1 c4 9. Nf3 Nc6 10. h4 Nge7 11. h5 h6 12. g3 Bd7 13. Bg2 O-O-O 14. Qb2 Qa5 15. a4 Be8 16. Bh3 Kb8 17. O-O Bd7 18. Rfb1 b6 19. Qa3 Nc8 20. Kg2 Ka8 21. Be3 Qa6 22. Ng1 Qb7 23. Kh2 Qc7 24. Ne2 N8e7 25. Qc1 f6 26. f4 Rdf8 27. Qd2 f5 28. Ng1 Be8 29. Qe2 g6 30. hxg6 Nxg6 31. Nf3 Qd8 32. Qf2 Nge7 33. Kg2 Bh5 34. Kf1 Rfg8 35. Ke2 Rg7 36. Kd2 Rhg8 37. Rg1 Qe8 38. Nh4 Ng6 39. Nxg6 Rxg6 40. Qe1 Bf3 41. Bf2 h5 42. Qe3 Be4 43. Bf1 Qe7 44. Be2 h4 45. gxh4 Rxg1 46. Rxg1 Rxg1 47. Bxg1 Qxh4 48. Bf2 Qh2 49. Qg3 Qxg3 50. Bxg3 Kb7 51. Bh5 Kc7 52. Be8 Ne7 53. Bh4 Kd8 54. Bb5 Bf3 55. Bf6 Bh5 56. Ke3 Be8 57. Kf3 a6 58. Bxa6 Bxa4 59. Bc8 Bd7 60. Bxe7+ Kxe7 61. Bxd7 Kxd7 62. Kg3 Ke7 63. Kh4 Kf7 64. Kh5 Kg7 65. Kg5 b5 1/2-1/2

[Event "EIWCC 2017"]
[Site "Riga"]
[Date "2017.04.20"]
[Round "9"]
[White "Otikova, Elina"]
[Black "Komiagina, Maria"]
[Result "1/2-1/2"]
[WhiteElo "2049"]
[BlackElo "2247"]
[Annotator "NA"]
[PlyCount "118"]
[EventDate "2017.??.??"]
[EventType "swiss"]
[EventCountry "LAT"]
[SourceTitle "playchess.com"]
[Source "ChessBase"]
[SourceQuality "1"]

1. e4 c5 2. Nf3 e6 3. d4 cxd4 4. Nxd4 Nc6 5. Nc3 Qc7 6. Be3 a6 7. Bd3 Nf6 8. O-O b5 9. Nxc6 Qxc6 10. f3 Bc5 11. Qe1 d6 12. Kh1 e5 13. a4 b4 14. Nd5 Nxd5 15. exd5 Qc7 16. Bxc5 Qxc5 17. f4 O-O 18. fxe5 dxe5 19. Qxe5 Bb7 20. Rf4 a5 21. Qh5 g6 22. Qh6 f5 23. d6 Bd5 24. Rh4 Rf7 25. Qf4 Rd8 26. Re1 Qxd6 27. Qxd6 Rxd6 28. Kg1 f4 29. Rh3 Kg7 30. Bb5 Bc6 31. c3 f3 32. gxf3 bxc3 33. bxc3 Bxf3 34. Rf1 Rdf6 35. Rf2 g5 36. Be2 g4 37. Rg3 Bxe2 38. Rxe2 Rf4 39. h3 Rxa4 40. Rxg4+ Rxg4+ 41. hxg4 Rc7 42. Ra2 Rc5 43. Ra4 Kf6 44. Kf2 Kg5 45. Ke2 Rxc3 46. Rxa5+ Kxg4 47. Kf2 Rc2+ 48. Kg1 Rc3 49. Ra1 Kg3 50. Rb1 h5 51. Ra1 h4 52. Rb1 h3 53. Ra1 Re3 54. Rb1 Re4 55. Rb3+ Kg4 56. Rb1 Kh4 57. Ra1 Rg4+ 58. Kh1 Kg5 59. Ra5+ Kh4 1/2-1/2

[Event "EIWCC 2017"]
[Site "Riga"]
[Date "2017.04.20"]
[Round "9"]
[White "Chan, Naruna"]
[Black "Stetsko, Lanita"]
[Result "1/2-1/2"]
[WhiteElo "1981"]
[BlackElo "2226"]
[Annotator "NA"]
[PlyCount "119"]
[EventDate "2017.??.??"]
[EventType "swiss"]
[EventCountry "LAT"]
[SourceTitle "playchess.com"]
[Source "ChessBase"]
[SourceQuality "1"]

1. e4 d6 2. d4 Nf6 3. Nc3 e5 4. Nf3 Nbd7 5. Bc4 Be7 6. O-O O-O 7. Re1 a6 8. a4 b6 9. Ne2 Bb7 10. Ng3 exd4 11. Nxd4 Re8 12. Ndf5 Bf8 13. f3 d5 14. exd5 Ne5 15. Bb3 Bxd5 16. Bg5 Bxb3 17. cxb3 Bc5+ 18. Kf1 Qd3+ 19. Qxd3 Nxd3 20. Rxe8+ Nxe8 21. Rd1 Ne5 22. Ne4 h6 23. Bf4 Ng6 24. Bg3 Bb4 25. Ne3 Ne7 26. Nc2 Nc6 27. Rd7 Rc8 28. Ne3 Nb8 29. Rd3 Bf8 30. Nd5 f5 31. Nec3 Nc6 32. Ke2 g5 33. f4 Bd6 34. fxg5 hxg5 35. Bxd6 Nxd6 36. Nxb6 Rb8 37. Nbd5 Rxb3 38. Nd1 Rb7 39. Nxc7 Ne4 40. Nd5 Ne5 41. Rh3 Rd7 42. N1c3 Nxc3+ 43. Nxc3 Ng6 44. Re3 Nf4+ 45. Kf1 Rd2 46. g3 Ng6 47. Re2 Rd4 48. Re6 Kf7 49. Rxa6 Rd2 50. b4 Ne5 51. Ra5 Ke6 52. Ra6+ Kf7 53. h3 Nf3 54. Ne2 f4 55. gxf4 gxf4 56. Rc6 Nh2+ 57. Ke1 Nf3+ 58. Kf1 Nh2+ 59. Ke1 Nf3+ 60. Kf1 1/2-1/2

[Event "EIWCC 2017"]
[Site "Riga"]
[Date "2017.04.21"]
[Round "10"]
[White "Dzagnidze, Nana"]
[Black "Socko, Monika"]
[Result "1-0"]
[WhiteElo "2528"]
[BlackElo "2462"]
[Annotator "TA"]
[PlyCount "88"]
[EventDate "2017.??.??"]
[EventType "swiss"]
[EventCountry "LAT"]
[SourceTitle "playchess.com"]
[Source "ChessBase"]
[SourceQuality "1"]

1. Nf3 Nf6 2. c4 e6 3. g3 d5 4. Bg2 dxc4 5. O-O Nbd7 6. Na3 Bxa3 7. bxa3 O-O 8. Qc2 a6 9. a4 c5 10. Qxc4 Rb8 11. d4 b5 12. Qc2 Bb7 13. dxc5 Be4 14. Qc3 b4 15. Qd4 e5 16. Nxe5 Bxg2 17. Kxg2 Nxe5 18. Qxe5 Re8 19. Qd6 Qa5 20. Bb2 Rbd8 21. Qb6 Qxa4 22. Bxf6 gxf6 23. Qxf6 Rd5 24. Qf3 Rxc5 25. Qg4+ Kf8 26. Qd4 Qc6+ 27. Kg1 Rxe2 28. Rae1 Re6 29. Rxe6 fxe6 30. Qxb4 Kf7 31. Rd1 h5 32. h4 Kg6 33. Qf4 a5 34. Kh2 Rf5 35. Qe3 Qc4 36. a3 Qc6 37. Rd8 Qc4 38. Rh8 Kf6 39. Rf8+ Kg6 40. Rxf5 Kxf5 41. Qg5+ Ke4 42. Qf4+ Kd3 43. Qxc4+ Kxc4 44. g4 Kd5 1-0

[Event "EIWCC 2017"]
[Site "Riga"]
[Date "2017.04.21"]
[Round "10"]
[White "Gaponenko, Inna"]
[Black "Ambartsumova, Karina"]
[Result "1-0"]
[WhiteElo "2416"]
[BlackElo "2282"]
[Annotator "TA"]
[PlyCount "69"]
[EventDate "2017.??.??"]
[EventType "swiss"]
[EventCountry "LAT"]
[SourceTitle "playchess.com"]
[Source "ChessBase"]
[SourceQuality "1"]

1. e4 c5 2. Nf3 Nc6 3. d4 cxd4 4. Nxd4 e6 5. Nc3 Qc7 6. Be2 Nf6 7. O-O Be7 8. Be3 O-O 9. f4 d6 10. Kh1 Nxd4 11. Qxd4 b6 12. f5 e5 13. Qd3 Bb7 14. Bf3 Rac8 15. g4 h6 16. g5 hxg5 17. Bxg5 Qc4 18. Rg1 Qxd3 19. cxd3 Rfd8 20. Rg3 Rc7 21. Rag1 Kf8 22. Rh3 Ng8 23. Rh8 Bxg5 24. Rxg5 f6 25. Rg3 Bc6 26. Bd1 Be8 27. h4 Bf7 28. h5 Rdc8 29. Bb3 Bxb3 30. axb3 Kf7 31. Rh7 Kf8 32. Kg2 Nh6 33. Kf2 Ng8 34. Nd5 Rd7 35. Nc3 1-0

[Event "EIWCC 2017"]
[Site "Riga"]
[Date "2017.04.21"]
[Round "10"]
[White "Sazonova, Anastasia"]
[Black "Michna, Marta"]
[Result "1/2-1/2"]
[WhiteElo "2143"]
[BlackElo "2389"]
[Annotator "NA"]
[PlyCount "51"]
[EventDate "2017.??.??"]
[EventType "swiss"]
[EventCountry "LAT"]
[SourceTitle "playchess.com"]
[Source "ChessBase"]
[SourceQuality "1"]

1. e4 e6 2. d4 d5 3. Bd3 Nf6 4. e5 Nfd7 5. Ne2 c5 6. c3 Nc6 7. O-O Be7 8. a3 a5 9. Be3 c4 10. Bc2 b5 11. Nd2 Nb6 12. f4 g6 13. g4 Bd7 14. Ng3 Qc7 15. f5 O-O-O 16. f6 Bf8 17. h4 h6 18. Qe2 Kb7 19. Rfb1 Rb8 20. Bf2 Kc8 21. Nf3 Na7 22. Be1 Bc6 23. Kh2 Nd7 24. Kh3 Rb7 25. Nf1 Qb8 26. Ng1 1/2-1/2